000 00838nam a2200205 a 4500
001 1575
003 BR-CuiBMT
005 20231215224837.0
008 231214s2019 toba 000 0 por d
040 _aBR-CuiBMT
_cBR-CuiBMT
080 _22007
_a351.94:336.148
_x(811.7)
090 _a351.94:336.148(811.7)
_bT631t
110 1 _aTocantins.
_bTribunal de Contas.
245 1 0 _aTribunal de Contas do Estado do Tocantins :
_b1989-2019 : 30 anos de uma história que aponta para o futuro /
_cTribunal de Contas do Estado do Tocantins ; textos e edição Marcelo Santos Cardoso ; supervisão Lauri Meyer ; revisão Márcia Barbosa.
260 _aPalmas :
_bTCE-TO,
_c2019.
300 _a143 p. :
_bil. color. ;
_c28 cm
610 1 _aTocantins.
_bTribunal de Contas
_xControle externo
650 _aTribunais de contas
_vHistória
942 _2udc
_cLV
999 _c1575
_d1575